000
00320nam a22001457a 4500
003
SGT
020
_a
9789350485859
082
_a
973
_b
JAD
100
_a
JADHAV NARENDER
245
_a
DR. AMBEDKAR ATAMKATHA JANSAMWAD
250
_a
1
260
_a
NEW DELHI
_b
PRABHAT PRAKASHAN
_c
2015
300
_a
303
942
_2
ddc
_c
BK
999
_c
25254
_d
25254